Poczet prezydentów Rzeczypospolitej Polskiej - Statystyki

Ogólne statystyki
  • Ten quiz został rozwiązany 73 razy
  • Średni wynik to 8 z 10
Statystyki odpowiedzi
Obrazkowy Odpowiedź % Poprawnych
Andrzej Duda
99%
Lech Kaczyński
97%
Lech Wałęsa
94%
Bronisław Komorowski
93%
Aleksander Kwaśniewski
90%
Wojciech Jaruzelski
90%
Gabriel Narutowicz
81%
Bolesław Bierut
72%
Ignacy Mościcki
72%
Stanisław Wojciechowski
57%
Nie znaleziono quizów pasujących do podanych kryteriów
Rozkład punktacji
Procent ludzi z każdym wynikiem
Percentyl według liczby udzielonych odpowiedzi
Twoja historia wyników
Nie rozwiązałeś tego quizu